000 00198nam a22000857a 4500
001 1235784
005 20250930164201.0
245 _aKOLAYSA AĞLAMA
_cSUZAN GERİDÖNMEZ
260 _bGÜNIŞIĞI YAYINLARI
999 _c1235784
_d1235784